Estadísticas para Banderas de Chile-Actualizado

Haz click aquí para tomar la prueba!

Estadísticas generales

  • Esta prueba ha sido tomada 30 veces
  • La puntuación promedio es 12 de 35

Estadísticas de respuestas

Respuesta% Correcto
Chile
100%
Wenufoye
76%
Te Reva Reimiro
71%
Región de Antofagasta
48%
Región del Libertador General Bernardo O'Higgins
48%
Pueblo Yagán
43%
Región de Arica y Parinacota
43%
Región del Biobío
43%
Región del Maule
43%
Región de Valparaíso
43%
Región Metropolitana
43%
Wiphala
43%
Patria Vieja
38%
Región de Magallanes
38%
Reino de Isla de Pascua
38%
Comuna de Santiago
33%
Región de los Lagos
33%
Región de Coquimbo
29%
Región de Tarapacá
29%
Bandera Militar Mapuche durante la guerra de Arauco
24%
Comuna de Concepción
24%
Comuna de Valparaíso
24%
Región de Atacama
24%
Región del Ñuble
24%
Región de los Ríos
24%
Bandera de la Transición
19%
Pueblo Chango
19%
Pueblo Diaguita
19%
Región de Aysén del General Carlos Ibáñez del Campo
19%
Región de la Araucanía
19%
Bandera de Proa
14%
Bandera Presidencial
14%
Reino de la Araucanía y la Patagonia
10%
Pueblo Colla
5%
Pueblo Kawésqar
5%

Distribución de puntuación

Porcentaje por número respondido

Porcentaje de gente con cada puntuación

Historial de tus puntuaciones

No has tomado esta prueba